Quiz sprawdzający czy zdasz maturę - Statystyki

Ogólne statystyki
  • Ten quiz został rozwiązany 223 razy
  • Średni wynik to 3 z 10
Statystyki odpowiedzi
Zagadnienie Odpowiedź % Poprawnych
W jakim państwie są Hawaje Usa
89%
2 litry ile to mililitrów 2000
63%
My name is Ovuvuevuevue Enyetuenwuevue ugbemugbem ossas 😎
41%
Jeżeli miałem 6 bitcoinów i przeszedłem 20 kilometrów pieszo, ile mam jabłek w moim domu 7
22%
Czy jak krowa kicha to mleko jej idzie nosem Tak
22%
Kupiłem sobie dziś loda 🙂 Bruh
15%
Zaznacz złą odpowiedź Poprawna odpowiedź
15%
Kto jest najbrzydszy na świecie Nie wiem
11%
Nyyyooooooommm Nyooom
7%
Pytanie nr 6 Odpowiedź C
4%
Nie znaleziono quizów pasujących do podanych kryteriów
Rozkład punktacji
Procent ludzi z każdym wynikiem
Percentyl według liczby udzielonych odpowiedzi
Twoja historia wyników
Nie rozwiązałeś tego quizu